00270nam a2200097Ia 4500008004000000082001800040100001700058245004800075260004100123300000800164210210b1978 xxu||||| |||| 00| 0 eng d a954.0317 MARF aMARX ENGELS. aFirst Indian war of independence 1857-1859. aMoscow.bProgress Publishers.,c1978 a210